Etching and engraving: techniques and the modern trend
Uloženo v:
| Hlavní autor: | |
|---|---|
| Médium: | Kniha |
| Jazyk: | angličtina |
| Vydáno: |
New York, USA
Dover
1973
|
| Edice: | Dover Books on Lettering, Graphic Arts and Typography
|
| Témata: | |
| Tagy: |
Přidat tag
Žádné tagy, Buďte první, kdo vytvoří štítek k tomuto záznamu!
|
MARC
| LEADER | 00000nam a2200000 a 4500 | ||
|---|---|---|---|
| 001 | UCO4880 | ||
| 003 | CL-VaPUC | ||
| 005 | 20240729130957.0 | ||
| 008 | 000825e19730000US |||||||||||||||||eng|d | ||
| 999 | |c 290845 |d 290843 | ||
| 040 | |c Pontificia Universidad Católica de Valparaíso | ||
| 082 | 0 | 4 | |a 760.2 BUC 1973 |2 21 |
| 100 | 0 | |a Buckland-Wright, John |9 449541 | |
| 245 | 1 | 0 | |a Etching and engraving: techniques and the modern trend |
| 260 | 0 | 3 | |a New York, USA |b Dover |c 1973 |
| 300 | |a 240 páginas | ||
| 490 | 0 | |a Dover Books on Lettering, Graphic Arts and Typography | |
| 500 | |a Contiene 156 ilustraciones | ||
| 583 | |a last modification |c 20000825 00:00:00 |k Rodrigo Vera | ||
| 650 | 0 | |a Artes gráficas |9 265865 | |
| 650 | 7 | |a TECNICAS |2 CL-VaPUC |9 315860 | |
| 650 | 0 | |a Grabados |9 310822 | |
| 650 | 0 | |a Xilografía |9 372756 | |
| 650 | 0 | |a Aguafuerte |9 265478 | |
| 650 | 7 | |a PUNTA SECA |2 CL-VaPUC |9 449542 | |
| 650 | 0 | |a Aguatinta |9 449543 | |
| 650 | 7 | |a GRABADO EN METAL |2 CL-VaPUC |9 309522 | |
| 650 | 7 | |a MEDIA TINTA |2 CL-VaPUC |9 327476 | |
| 942 | |c BK |2 ddc | ||
| 945 | |d 20000825 00:00:00 |a crobeson | ||
| 952 | |0 0 |1 0 |2 ddc |4 0 |6 760_200000000000000_BUC_1973 |7 0 |8 A |9 340454 |a BIBART |b BIBART |d 2019-11-20 |i 1216279 |l 8 |m 1 |o 760.2 BUC 1973 |p 1216279 |r 2025-03-13 |s 2023-04-26 |t 1 |w 2019-11-20 |y BK |k ART | ||